[Event "Bad Woerishofen op"]
[Site "Bad Woerishofen"]
[Date "2001.??.??"]
[Round "8"]
[White "Vonach, Bernd"]
[Black "Valent, Peter"]
[Result "1-0"]
[WhiteElo "1850"]
[BlackElo "2074"]
[Annotator "ChessOrg"]
[PlyCount "120"]
[EventDate "1998.03.05"]
[Source "ChessBase"]
[SourceDate "1998.04.29"]

1. e4 {B07: Pirc-Ufimzew-Verteidigung} 1... d6 2. d4 Nf6 3. Nc3 c6 4. Be2 4...
Qa5 {letzter Buchzug} 5. Bd2 Qb6 6. Nf3 Qxb2 7. Rb1 Qa3 8. Rb3 Qa5 9. O-O Qc7
10. Nh4 e5 11. d5 Nbd7 12. f4 (12. dxc6 $5 $142 12... bxc6 13. Be3 $17) 12...
Nc5 $19 13. Rb1 Ncxe4 14. Nxe4 Nxe4 15. c4 $2 (15. Be1 15... Bd7 $19) 15... Be7
(15... cxd5 $5 16. cxd5 Qc5+ 17. Kh1 Nf2+ 18. Rxf2 Qxf2 19. Bb5+ Kd8 20. Nf3
$19) 16. Nf3 exf4 17. Rb3 (17. dxc6 bxc6 18. Bd3 Nxd2 19. Qxd2 19... g5 $19)
17... Nxd2 (17... cxd5 $5 18. cxd5 Qc5+ 19. Kh1 Qxd5 20. Bxf4 Qxd1 21. Bxd1 $19
(21. Rxd1 $4 21... Nf2+ 22. Kg1 22... Nxd1 $19)) 18. Qxd2 O-O 19. Qxf4 cxd5 20.
cxd5 Qc5+ 21. Kh1 Qxd5 22. Bc4 Qh5 (22... Qc5 $19 $142) 23. h3 $2 (23. Re1 $5
23... Bf6 24. Qxd6 24... Qa5 $17) 23... a6 (23... d5 24. Re3 Bf6 25. Be2 $19)
24. g4 $2 (24. Re1 b5 25. Rxe7 25... bxc4 $19) 24... Qc5 (24... Qxh3+ $5 $142
25. Nh2 Qh4 26. Bxf7+ Kh8 27. Qe4 $19) 25. Qe4 Bf6 26. Rc1 (26. Bd5 26... h6
$19) 26... d5 (26... Be6 $142 27. Rxb7 Rac8 28. Qxe6 fxe6 29. Bxe6+ Kh8 30.
Rxc5 30... Rxc5 $19 (30... dxc5 $6 31. Bxc8 Rxc8 32. Nd2 $17)) 27. Qxd5 Qxd5
28. Bxd5 Rb8 29. Rc7 Rd8 30. Bxf7+ Kf8 31. Bc4 Rd7 32. Rxd7 Bxd7 33. Bxa6 Bc6
34. Bb5 (34. Kg2 $5 $11 $142) 34... Bd5 $17 35. Rd3 Bxa2 36. g5 Be7 37. Ne5 Rd8
38. Nd7+ Kf7 39. h4 Ke6 40. Kg2 Bd5+ 41. Kh3 41... Rc8 $4 (41... Bd6 $17 $142)
42. Nb6 $18 42... Rc5 43. Nxd5 Bd6 (43... Rxd5 $4 44. Bc4 $18) 44. Nc3 Be5 45.
Bd7+ Ke7 46. Nd1 Rc7 47. Ba4 Rc4 48. Bb3 Rc1 (48... Rd4 49. Rxd4 Bxd4 50. Kg4
$18) 49. Kg4 g6 50. Bg8 Rc7 51. Bxh7 Kf7 52. Ne3 (52. h5 Rc4+ 53. Kh3 gxh5 54.
Rd7+ Kf8 55. Rxb7 55... Rd4 $18) 52... Kg7 53. Bxg6 Kxg6 54. h5+ Kg7 55. Nf5+ (
55. Rd5 $5 $142 55... Bc3 $18) 55... Kf7 56. h6 b5 (56... Rc4+ 57. Kh5 Ke6 58.
Kg6 $18) 57. Kh5 Rc2 (57... Ke6 58. Nd4+ Bxd4 59. Rxd4 $18) 58. g6+ (58. Re3
Rh2+ 59. Nh4 Rxh4+ 60. Kxh4 60... Bd4 $18) 58... Kf6 (58... Ke6 59. Ng7+ $1
59... Ke7 $18) 59. Rf3 Rc5 (59... Ke6 60. g7 Rc8 61. Kg6 $18) 60. h7 (60. g7 $5
$142 60... Kf7 61. Nd6+ 61... Ke7 $18) 60... Ke6 1-0

[Event "Bad Woerishofen op"]
[Site "?"]
[Date "2001.??.??"]
[Round "1"]
[White "Vossenkuhl, Joachim"]
[Black "Fries, Werner"]
[Result "1-0"]
[WhiteElo "2147"]
[BlackElo "1652"]
[Annotator "ChessOrg"]
[PlyCount "81"]
[EventDate "2000.??.??"]

1. d4 {D53: Damengambit (Hauptvariante, Abweichungen)} 1... Nf6 2. c4 e6 3. Nc3
d5 4. Bg5 Be7 5. Nf3 c6 6. e3 Nbd7 7. Rc1 7... Qa5 {letzter Buchzug} 8. cxd5
Nxd5 (8... exd5 $5 9. Bd3 9... h6 $11) 9. Bxe7 $14 9... Nxe7 10. Bd3 Nd5 11.
Bb1 O-O 12. Qc2 f5 13. O-O Nxc3 14. bxc3 Qc7 15. Qb3 Nb6 16. a4 Nd5 17. Rfd1
Rf6 18. c4 Ne7 19. d5 exd5 20. cxd5 20... Nxd5 $4 (20... Qb6 $142 21. Qxb6 axb6
22. dxc6 22... Nxc6 $16) 21. Qxd5+ $3 $18 21... Be6 22. Qd2 h6 23. Ba2 (23. Nd4
$5 23... Bc8 $18) 23... Bxa2 24. Qxa2+ Kh8 25. Qd2 Raf8 26. Qd7 R6f7 27. Qxc7
Rxc7 28. Ne5 Kh7 29. Rd6 a6 (29... c5 30. Kf1 $18) 30. a5 f4 31. Rd7 Rxd7 32.
Nxd7 Rd8 33. Nc5 Rd5 (33... fxe3 34. fxe3 Rd5 35. e4 $18) 34. Kf1 (34. exf4 $5
34... Rf5 $18) 34... fxe3 35. fxe3 Kg6 (35... Re5 $18) 36. Nxb7 Kf5 (36... Rf5+
37. Ke2 Rf6 38. Nd8 $18) 37. Rxc6 Ke4 38. Rxa6 Kxe3 39. Re6+ Kf4 40. a6 Rb5 (
40... Rd3 $18) 41. a7 (41. a7 Rb1+ 42. Re1 Rxe1+ 43. Kxe1 $18) 1-0

[Event "Bad Woerishofen op"]
[Site "Bad Woerishofen"]
[Date "2001.??.??"]
[Round "3"]
[White "Vossenkuhl, Joachim"]
[Black "Reefschlaeger, Helmut"]
[Result "1/2-1/2"]
[WhiteElo "2147"]
[BlackElo "2355"]
[Annotator "ChessOrg"]
[PlyCount "30"]
[EventDate "1998.03.05"]
[Source "ChessBase"]
[SourceDate "1998.04.29"]

1. d4 {D05: Damenbauernspiele (Colle-Aufbau)} 1... e6 2. Nf3 d5 3. e3 Nf6 4.
Bd3 c5 5. c3 Nbd7 6. O-O Bd6 7. Nbd2 O-O 8. Re1 8... e5 {letzter Buchzug} 9. e4
Qc7 10. exd5 cxd4 11. cxd4 exd4 12. Ne4 Nxd5 13. Nxd6 Qxd6 14. Bb1 N7f6 15.
Qxd4 b6 1/2-1/2

[Event "Bad Woerishofen op"]
[Site "Bad Woerishofen"]
[Date "2001.??.??"]
[Round "5"]
[White "Vossenkuhl, Joachim"]
[Black "Zunker, Reinhard"]
[Result "1-0"]
[WhiteElo "2147"]
[BlackElo "2234"]
[Annotator "ChessOrg"]
[PlyCount "67"]
[EventDate "1998.03.05"]
[Source "ChessBase"]
[SourceDate "1998.04.29"]

1. d4 {E95: Koenigsindisch (Klassisches System)} 1... Nf6 2. c4 g6 3. Nc3 Bg7
4. e4 d6 5. Nf3 O-O 6. Be2 c6 7. O-O e5 8. Re1 Nbd7 9. Bf1 9... Nh5 {
letzter Buchzug} 10. d5 c5 11. a3 Kh8 12. b4 a6 13. Rb1 f5 (13... Nf4 $5 $14)
14. Ng5 Ndf6 15. Ne6 (15. bxc5 Qa5 16. Na4 16... fxe4 $18) 15... Bxe6 16. dxe6
Re8 (16... cxb4 $5 $142 17. Rxb4 Nxe4 18. Nxe4 fxe4 19. Rxb7 19... Qf6 $14) 17.
exf5 gxf5 18. Be2 Nf4 19. Bxf4 exf4 20. Bf3 Ng4 21. Nd5 21... Nxf2 $2 (21...
Qh4 22. Bxg4 fxg4 23. g3 $18) 22. e7 (22. Kxf2 $142 22... Bd4+ 23. Kf1 $18)
22... Rxe7 23. Kxf2 Bd4+ 24. Kf1 Re5 25. bxc5 Bxc5 26. Nxf4 (26. Rxb7 $6 26...
Qh4 27. Qd2 Qxh2 28. Rxe5 28... dxe5 $16) 26... Qh4 27. Nd3 Rxe1+ 28. Qxe1 Qxc4
29. Be2 Re8 (29... b5 30. Nxc5 Qf4+ 31. Bf3 Qc4+ 32. Kg1 Qxc5+ 33. Kh1 $18) 30.
Nxc5 (30. Rxb7 30... a5 $18) 30... Qxc5 31. Rxb7 Qxa3 (31... Qe3 32. g3 32...
Qxa3 $18) 32. Rxh7+ $1 32... Kxh7 33. Qh4+ Kg7 34. Qg5+ (34. Qg5+ Kf8 35. Qf6+
Kg8 36. Bc4+ Kh7 37. Qxf5+ Kh6 38. Qf6+ Kh7 39. Qf7+ Kh6 40. Qxe8 Qc1+ 41. Kf2
Qf4+ 42. Ke1 Qxc4 43. Qf8+ Kg5 44. Qxd6 Qe4+ 45. Kd1 Qxg2 46. Qe5+ Kg6 47. Qe6+
Kg7 48. h3 $11) 1-0

[Event "Bad Woerishofen op"]
[Site "Bad Woerishofen"]
[Date "2001.??.??"]
[Round "7"]
[White "Vossenkuhl, Joachim"]
[Black "Stumpf, Heinz"]
[Result "1/2-1/2"]
[WhiteElo "2147"]
[BlackElo "2245"]
[Annotator "ChessOrg"]
[PlyCount "35"]
[EventDate "1998.03.05"]
[Source "ChessBase"]
[SourceDate "1998.04.29"]

1. d4 {D17: Damengambit (Slawische Verteidigung)} 1... d5 2. Nf3 Nf6 3. c4 c6
4. Nc3 dxc4 5. a4 Bf5 6. Ne5 Nbd7 7. Nxc4 Nb6 8. Ne5 a5 9. f3 Nfd7 10. Nxd7
Nxd7 11. e4 Bg6 12. Qb3 Qc7 13. Be3 e6 14. Rc1 Bb4 15. Be2 O-O 16. O-O 16...
Kh8 {letzter Buchzug} 17. d5 (17. Bd3 17... Rad8 $11) 17... Bxc3 (17... Nc5 $5
$142 18. Qc4 exd5 19. exd5 Rfe8 20. Bxc5 cxd5 21. Nxd5 Bxc5+ 22. Qxc5 Qxc5+ 23.
Rxc5 23... Rxe2 $11) 18. Qxc3 (18. Rxc3 exd5 19. exd5 19... Qb8 $14) 1/2-1/2

[Event "Bad Woerishofen op"]
[Site "Bad Woerishofen"]
[Date "2001.??.??"]
[Round "9"]
[White "Vossenkuhl, Joachim"]
[Black "Ballon, Guenter Jan"]
[Result "1/2-1/2"]
[WhiteElo "2147"]
[BlackElo "2233"]
[Annotator "ChessOrg"]
[PlyCount "56"]
[EventDate "1998.03.05"]
[Source "ChessBase"]
[SourceDate "1998.04.29"]

1. d4 {D46: Damengambit (Halbslawisch)} 1... d5 2. c4 c6 3. Nf3 e6 4. e3 Nf6 5.
Nc3 Nbd7 6. Bd3 Bd6 7. e4 dxe4 8. Nxe4 Nxe4 9. Bxe4 h6 10. Bc2 O-O 11. Qd3 f5
12. O-O e5 13. dxe5 {letzter Buchzug} 13... Nxe5 14. Nxe5 Bxe5 15. Qxd8 Rxd8
16. Rb1 Kf7 17. b3 Be6 18. Re1 Bd4 19. Ba3 Rd7 20. Rbd1 Rad8 21. Kf1 c5 22. Bc1
Bc3 23. Rxd7+ Rxd7 24. Rd1 g5 25. Rxd7+ Bxd7 26. h4 Kf6 27. hxg5+ hxg5 28. Ke2
b6 1/2-1/2

[Event "Bad Woerishofen op"]
[Site "Bad Woerishofen"]
[Date "2001.??.??"]
[Round "2"]
[White "Wachweger, Albrecht"]
[Black "Dahmen, Juergen"]
[Result "1-0"]
[WhiteElo "1910"]
[BlackElo "1624"]
[Annotator "ChessOrg"]
[PlyCount "79"]
[EventDate "1998.03.05"]
[Source "ChessBase"]
[SourceDate "1998.04.29"]

1. e4 {B22: Sizilianisch (Alapin 2.c3)} 1... c5 2. c3 e6 3. d4 cxd4 4. cxd4
4... Be7 {letzter Buchzug} 5. f4 d6 6. Nf3 b6 7. Bd3 Bb7 8. O-O Nf6 9. Nc3 Nbd7
10. Kh1 O-O 11. e5 dxe5 12. fxe5 Nd5 13. a3 a6 (13... Rc8 14. Qb3 $11) 14. Ne4
Qc7 (14... Rc8 15. Bg5 f6 16. exf6 gxf6 17. Bh6 $14) 15. Nfg5 $14 15... h6 16.
Qh5 Nxe5 17. Nxe6 fxe6 18. Rxf8+ (18. dxe5 $5 $142 18... Rxf1+ 19. Bxf1 $11)
18... Rxf8 $17 19. dxe5 Nf4 (19... Qc2 $1 $142 20. Qe2 Qxe2 21. Bxe2 21... Rf5
$17) 20. Bxf4 $11 20... Rxf4 $2 (20... Bxe4 21. Bxe4 Rxf4 22. Bd3 $11) 21. Qe8+
$4 (21. Nf6+ $1 $142 21... Rxf6 22. exf6 $18) 21... Rf8 $11 22. Qg6 (22. Nf6+
$1 $142 22... Bxf6 23. Qxe6+ Qf7 24. Qxf7+ Kxf7 25. exf6 $11) 22... Qxe5 $19
23. Ng3 23... Qg5 $4 (23... Rf2 24. Rg1 Rxb2 (24... Qxb2 $6 25. Qxe6+ Kf8 26.
Bc4 $11) 25. Qh7+ Kf7 26. Bg6+ Kf6 27. Rf1+ Kg5 28. Ne4+ Bxe4 29. Bxe4 29...
Kh4 $16) 24. Qxe6+ $14 24... Kh8 25. Qxb6 Ba8 (25... Bd5 26. b4 $16 (26. Bxa6
Bc5 27. Qc7 Bxg2+ 28. Kxg2 Qd5+ 29. Kh3 Qe6+ 30. Kg2 Rf2+ 31. Kg1 31... Be3 $19
)) 26. Qxa6 (26. Bxa6 $6 26... Bxg2+ 27. Kxg2 Qd5+ 28. Kh3 Qd7+ 29. Kg2 Qd5+
30. Kh3 Qd7+ 31. Kg2 31... Qd5+ $11) 26... Qf6 $4 (26... Qd2 $142 27. Rg1 27...
Bc5 $14) 27. Rf1 $18 27... Qxa6 28. Rxf8+ Bxf8 29. Bxa6 Bd5 30. b4 Bd6 (30...
Kg8 31. Kg1 $18) 31. Kg1 g6 32. Bd3 Kg7 33. Kf2 Kf7 34. h3 Be5 35. Ne2 Bb2 (
35... Bb3 36. Ke3 $18) 36. Nf4 (36. a4 Bb3 37. a5 37... Bd1 $18) 36... Bd4+ (
36... Bb3 37. Bxg6+ Kf6 38. Kf3 $18) 37. Ke2 Bc6 (37... Bb3 38. Nxg6 Bb2 39. b5
$18) 38. Bxg6+ Kf6 39. Bc2 Kg5 (39... Ke5 40. g3 40... Bc3 $18) 40. Ne6+ (40.
Ne6+ Kf6 41. Nxd4 Bxg2 42. h4 $18) 1-0

[Event "Bad Woerishofen op"]
[Site "Bad Woerishofen"]
[Date "2001.??.??"]
[Round "4"]
[White "Wachweger, Albrecht"]
[Black "Berti, Rudolf"]
[Result "1-0"]
[WhiteElo "1910"]
[BlackElo "1621"]
[Annotator "ChessOrg"]
[PlyCount "81"]
[EventDate "1998.03.05"]
[Source "ChessBase"]
[SourceDate "1998.04.29"]

1. e4 {C02: Franzoesische Verteidigung (Vorstossvariante)} 1... e6 2. d4 d5 3.
e5 c5 4. c3 Nc6 5. Nf3 Qb6 6. Be2 cxd4 7. cxd4 Bb4+ 8. Kf1 {letzter Buchzug}
8... Bd7 9. g3 Rc8 10. Kg2 Qc7 11. Bf4 Nge7 12. a3 Ba5 13. h4 Ng6 14. Be3 h6 (
14... O-O 15. Nc3 $14) 15. h5 Nge7 16. b4 Bb6 17. Bd3 Nf5 18. Bxf5 exf5 19. Qb3
O-O 20. Qxd5 Be6 21. Qb5 a6 22. Qe2 Bd5 23. Rc1 (23. Rh4 $11 $142) 23... Nxd4
$4 (23... f4 24. Bxf4 Qd7 25. Nbd2 $15) 24. Rxc7 $11 (24. Bxd4 Qxc1 25. Bxb6
Bxf3+ 26. Qxf3 26... Qb2 $19) 24... Bxf3+ (24... Nxe2 $6 25. Bxb6 Rxc7 26. Bxc7
$11) 25. Qxf3 Nxf3 26. Rxc8 (26. Bxb6 $5 26... Rxc7 27. Bxc7 Ne1+ 28. Kf1 28...
Nf3 $18) 26... Ne1+ 27. Kf1 Rxc8 28. Bxb6 28... Rc1 $2 (28... Nf3 $18) 29. Be3
Nc2+ 30. Bxc1 Nxa1 31. Nc3 (31. Nd2 $5 $142 31... Nc2 32. Bb2 32... g6 $18)
31... Nc2 (31... Kf8 32. Nd5 $18) 32. Na4 Nd4 33. Nc5 a5 (33... b5 34. Nxa6 Ne6
35. Nc5 $18) 34. Nxb7 (34. bxa5 $5 $142 34... Nc6 35. Nxb7 35... Kf8 $18) 34...
axb4 35. axb4 Nc6 36. b5 Nxe5 37. Nd6 f4 38. Bxf4 Nd7 39. Nc4 f6 (39... g6 40.
Bd6 $18) 40. b6 Nc5 41. Na5 (41. Na5 Kf7 42. b7 Nxb7 43. Nxb7 $18) 1-0

[Event "Bad Woerishofen op"]
[Site "Bad Woerishofen"]
[Date "2001.??.??"]
[Round "6"]
[White "Wachweger, Albrecht"]
[Black "Fries, Werner"]
[Result "1-0"]
[WhiteElo "1910"]
[BlackElo "1652"]
[Annotator "ChessOrg"]
[PlyCount "105"]
[EventDate "1998.03.05"]
[Source "ChessBase"]
[SourceDate "1998.04.29"]

1. e4 {B12: Caro-Kann (Vorstoss-Variante)} 1... c6 2. d4 d5 3. e5 Bf5 4. Bd3
Bxd3 5. Qxd3 e6 6. f4 6... Ne7 {letzter Buchzug} 7. Nf3 Nd7 8. O-O Nb6 9. a4
Nf5 10. Be3 Nc4 11. Bf2 (11. Bc1 $5 $11 $142) 11... Nxb2 $17 12. Qb3 Qb6 13.
Qxb6 axb6 14. g4 Ne7 15. Nc3 Nc4 16. Rfb1 Nc8 (16... Ng6 17. Ne2 $19) 17. f5 (
17. Nd1 $5 $17) 17... Be7 18. Nd1 Na3 19. Rb2 Rxa4 20. Nc3 (20. Ne3 h5 21. g5
21... Ra5 $17) 20... Rc4 21. Rb3 (21. Be1 $19 $142) 21... Nxc2 22. Ra8 Kd7 23.
Na4 Bd8 24. f6 (24. Kg2 24... Re8 $19) 24... h6 (24... gxf6 25. Rb2 b5 26. Nc5+
Kc7 27. Kh1 $19) 25. g5 (25. fxg7 Rg8 26. Rxb6 26... Kc7 $15 (26... Nxb6 27.
Nxb6+ Kc7 28. Nxc4 Rxg7 29. Nd6 Rxg4+ 30. Kf1 $16) (26... Bxb6 $4 27. Nxb6+
Nxb6 28. Rxg8 Nxd4 29. Nxd4 $18)) 25... g6 (25... Rg8 26. Rxb6 Nxb6 27. Nxb6+
Kc7 28. Nxc4 dxc4 29. Kf1 $19) 26. Nxb6+ (26. gxh6 Rxh6 27. Nb2 Rb4 28. Rxb4
28... Nxb4 $19) 26... Bxb6 (26... Nxb6 27. Rxb6 Bxb6 28. Rxh8 Nxd4 (28... Bxd4
29. gxh6 Ne3 30. Nxd4 Rc1+ 31. Be1 Rxe1+ 32. Kf2 $18) 29. Nxd4 Rxd4 (29... Bxd4
$6 30. Bxd4 Rxd4 31. gxh6 $17) 30. Bxd4 Bxd4+ 31. Kf1 31... hxg5 $17) 27. Rxb6
$17 27... Kc7 (27... Nxb6 28. Rxh8 $11) 28. Rb2 h5 29. h4 Nb4 30. Be3 b5 (30...
Na6 $142 31. Ra2 c5 32. dxc5 Nxc5 33. Bxc5 33... Rxc5 $17) 31. Bd2 $2 (31. Nd2
$142 31... Nd3 32. Nxc4 dxc4 33. Rb1 $15) 31... Nc2 $19 32. Rba2 Rh7 33. Ba5+
Kb7 34. Bd8 Nxd4 35. Nxd4 (35. Nd2 Rc1+ 36. Kf2 36... Rh1 $19) 35... Rxd4 36.
Be7 Rxh4 (36... Kc7 $19 $142) 37. Bd6 $17 37... Nxd6 (37... Ra4 $142 38. Rb8+
Ka7 39. Rxa4+ bxa4 40. Rxc8 40... h4 $15) 38. exd6 $18 38... Ra4 39. R2xa4 bxa4
40. d7 Kxa8 41. d8=Q+ Kb7 42. Qa5 Rh8 (42... h4 $5 $14 $142) 43. Qxa4 $16 43...
Rc8 $2 (43... Rd8 $142 44. Qb4+ 44... Kc8 $16) 44. Qb4+ $18 44... Ka6 45. Qe7
Rb8 46. Qxf7 Rb1+ 47. Kf2 Rb2+ 48. Ke3 e5 (48... Rb3+ 49. Kd2 Rb2+ 50. Kc1 Rf2
51. Qxe6 51... Kb5 $18) 49. Qxg6 h4 (49... d4+ 50. Ke4 Re2+ 51. Kf3 Re3+ 52.
Kg2 52... Rb3 $18) 50. f7 d4+ 51. Kd3 Rb3+ 52. Kc2 Rh3 53. Qxc6+ (53. Qxc6+ Ka5
54. Qa8+ Kb5 55. Qb7+ Ka5 56. f8=Q Rh2+ 57. Kd3 e4+ 58. Kc4 Rc2+ 59. Kd5 Rc5+
60. Qxc5+ Ka4 61. Qbb4#) (53. f8=Q Rc3+ 54. Kd1 e4 55. Qxe4 h3 56. Qa8+ Kb5 57.
Qb8+ Kc5 58. Qe7+ Kc4 59. Qbb4+ Kd5 60. Qd7+ Ke4 61. Qbxd4+ Kf3 62. Qxh3#) 1-0

[Event "Bad Woerishofen op"]
[Site "Bad Woerishofen"]
[Date "2001.??.??"]
[Round "7"]
[White "Wachweger, Albrecht"]
[Black "Hempel, Olaf"]
[Result "0-1"]
[WhiteElo "1900"]
[BlackElo "2146"]
[Annotator "ChessOrg"]
[PlyCount "64"]
[EventDate "1998.03.05"]
[Source "ChessBase"]
[SourceDate "1998.04.29"]

1. e4 {B12: Caro-Kann (Vorstoss-Variante)} 1... c6 2. d4 d5 3. e5 Bf5 4. Bd3
Bxd3 5. Qxd3 e6 6. f4 Qa5+ 7. c3 Qa6 8. Qd1 8... h5 {letzter Buchzug} 9. Ne2
Nh6 10. Be3 Nf5 11. Bf2 Nd7 12. O-O Be7 13. Ng3 g6 14. b4 Nb6 15. a4 Nc4 (15...
h4 16. Nxf5 gxf5 17. a5 $15) 16. Qe2 Nxg3 17. Bxg3 Qb6 18. Na3 Nxa3 19. Rxa3 a5
20. Qb2 axb4 21. cxb4 Qxb4 22. Qxb4 (22. Rb3 $5 22... Qxa4 23. Rxb7 $15) 22...
Bxb4 $17 23. Rb3 Rxa4 24. Rfb1 c5 25. Bf2 b6 26. Rc1 $2 (26. dxc5 $142 26...
bxc5 27. Be1 $17) 26... c4 $19 27. Rg3 (27. Rb2 Kd7 28. Rcb1 28... Ba5 $19)
27... Kd7 28. Rh3 Rha8 29. g4 Ra1 30. Rxa1 Rxa1+ 31. Kg2 c3 32. gxh5 (32. f5
Ra2 33. Kg1 $19) 32... gxh5 (32... gxh5 33. Rf3 33... c2 $19) (32... c2 $142
33. Be3 Re1 34. hxg6 Re2+ 35. Bf2 fxg6 36. Rh7+ Be7 37. Kf3 Rxf2+ 38. Kxf2 $19)
0-1

[Event "Bad Woerishofen op"]
[Site "Bad Woerishofen"]
[Date "2001.??.??"]
[Round "9"]
[White "Wachweger, Albrecht"]
[Black "Schnur, Gerhard"]
[Result "0-1"]
[WhiteElo "1910"]
[BlackElo "2144"]
[Annotator "ChessOrg"]
[PlyCount "98"]
[EventDate "1998.03.05"]
[Source "ChessBase"]
[SourceDate "1998.04.29"]

1. e4 {C02: Franzoesische Verteidigung (Vorstossvariante)} 1... e6 2. d4 d5 3.
e5 c5 4. c3 Nc6 5. Nf3 Bd7 6. Be2 f6 7. O-O cxd4 8. cxd4 fxe5 9. Nxe5 {
letzter Buchzug.} 9... Nxe5 10. dxe5 Bc5 11. Kh1 Ne7 12. Bg5 O-O (12... Qb6 13.
Bxe7 Bxe7 14. Nd2 $15) 13. f4 Qb6 14. Bxe7 Bxe7 15. Nc3 Rad8 (15... Qxb2 $143
16. Nxd5 exd5 17. Qxd5+ Rf7 18. Qxd7 Qxe2 19. e6 $14) 16. Rb1 Bc6 (16... d4 17.
Ne4 $11) 17. Bd3 g6 18. Qg4 Rf5 (18... Be8 $5 $11) 19. Bxf5 $14 19... exf5 20.
Qd1 (20. Qg3 d4 21. Nd1 21... d3 $16) 20... d4 $11 21. Ne2 (21. Na4 Qa5 22. b3
22... d3 $11) 21... Be4 22. Ng3 (22. Ra1 $5 $142 22... Qxb2 23. Qb3+ Qxb3 24.
axb3 $15) 22... Bxb1 $17 23. Qxb1 d3 24. Rd1 d2 25. Qc2 Qf2 26. Qc4+ Kf8 27. a3
Rd4 28. Qc2 $4 (28. Qc8+ $5 28... Bd8 29. Qc3 $17 (29. Qxb7 $4 29... Qe1+ 30.
Nf1 30... Qxd1 $19)) 28... Qxf4 (28... Qe1+ 29. Nf1 Rxf4 30. Qd3 Qxd1 31. h3
Rxf1+ 32. Kh2 Rh1+ 33. Kg3 Qe1+ 34. Kf4 Qf2+ 35. Qf3 Qd4+ 36. Qe4 Qxe4+ 37. Kg3
Qe3#) 29. e6 $4 (29. Nf1 Bg5 30. Qc5+ 30... Kg8 $19) 29... Qe3 (29... Rc4 $142
30. Rxd2 Rxc2 31. Rxc2 Qd4 32. Rc8+ 32... Kg7 $19) 30. Nf1 Qd3 (30... Qe1 $1
31. Qc8+ Kg7 32. Qc2 $19) 31. Qxd3 $17 31... Rxd3 32. Rxd2 Rxd2 33. Nxd2 Kg7
34. Nf3 Kf6 35. Nd4 Bc5 36. Nf3 Be3 37. b3 Kxe6 38. g3 g5 39. Kg2 g4 40. Ne1
Kd5 41. Nc2 Bc5 42. h4 (42. h3 $5 $19 $142) 42... Ke4 43. b4 Kd3 44. Ne1+ Ke2
45. Nc2 Kd2 46. Na1 Bb6 47. a4 Kc3 48. a5 Bc7 49. h5 Kb2 (49... Kb2 50. Kf2
50... Kxa1 $19) 0-1

[Event "Bad Woerishofen op"]
[Site "Bad Woerishofen"]
[Date "2001.??.??"]
[Round "2"]
[White "Walke, Guenter"]
[Black "Cassar, Horace"]
[Result "1-0"]
[WhiteElo "1747"]
[BlackElo "2000"]
[Annotator "ChessOrg"]
[PlyCount "59"]
[EventDate "1998.03.05"]
[Source "ChessBase"]
[SourceDate "1998.04.29"]

1. d4 {D00: Damenbauernspiele} 1... d5 2. e3 Bf5 3. f4 Nf6 4. Nf3 e6 5. Nbd2
5... Nbd7 {letzter Buchzug} 6. c4 c6 7. c5 Be7 8. Ne5 Ne4 9. Ndf3 Ndf6 10. Be2
h6 11. O-O Qc7 12. Bd2 g5 13. Ne1 gxf4 14. exf4 Rg8 15. b4 Rg7 16. Rf3 (16. b5
Nxd2 17. Qxd2 17... Ne4 $15) 16... Nxd2 $17 17. Qxd2 Ne4 18. Qb2 Bf6 19. b5
Bxe5 (19... Bh4 20. Rf1 $15) 20. fxe5 $11 20... Kf8 (20... b6 21. cxb6 Qxb6 22.
a4 $11) 21. bxc6 $14 21... bxc6 22. Rb3 f6 23. exf6 Nxf6 24. Nf3 Be4 25. Qd2
Ng4 (25... Ke7 $5 $14 $142) 26. h3 $18 26... Bxf3 $2 (26... Nf6 $142 27. Qxh6
Ng8 28. Qxe6 Re8 29. Qd6+ Qxd6 30. cxd6 30... Rd7 $18) 27. Rxf3+ (27. Bxf3 $2
27... Qh2+ 28. Kf1 Qh1+ 29. Ke2 Qxa1 30. Bxg4 30... e5 $17) (27. hxg4 $6 27...
Bxe2 (27... Bxg4 $4 28. Bxg4 Rg6 29. Rf1+ Kg8 30. Bh5 $18) 28. Qxe2 28... Re8
$11) 27... Kg8 28. hxg4 Rxg4 (28... Rg6 29. Raf1 Qg7 30. Rf7 Qxf7 31. Rxf7 Kxf7
32. Qf4+ Kg8 33. Qd6 $18) 29. Rf8+ (29. Qxh6 Rg7 30. Qxe6+ 30... Rf7 $18) 29...
Rxf8 30. Bxg4 (30. Bxg4 Qg3 31. Bxe6+ Kg7 32. Rb1 $18) 1-0

[Event "Bad Woerishofen op"]
[Site "Bad Woerishofen"]
[Date "2001.??.??"]
[Round "4"]
[White "Walke, Guenter"]
[Black "Muraziu, Nicky"]
[Result "0-1"]
[WhiteElo "1747"]
[BlackElo "1997"]
[Annotator "ChessOrg"]
[PlyCount "90"]
[EventDate "1998.03.05"]
[Source "ChessBase"]
[SourceDate "1998.04.29"]

1. d4 {A43: Alt-Benoni} 1... c5 2. e3 e6 3. f4 3... g5 {letzter Buchzug} 4. Nf3
g4 5. Ne5 h5 6. Nc3 a6 (6... d6 $5 7. Bb5+ Nd7 8. Nxd7 Bxd7 9. Bxd7+ Qxd7 10.
dxc5 10... Qc6 $11) 7. dxc5 $16 7... Bxc5 8. Ne4 d6 (8... d5 9. Nxc5 Qa5+ 10.
Qd2 Qxc5 11. b4 $14) 9. Nxc5 (9. Nc4 Ke7 10. Bd2 10... f6 $16) 9... Qa5+ 10.
Qd2 Qxc5 11. b4 Qc7 12. Nc4 d5 13. Bb2 (13. Nd6+ Qxd6 14. Qc3 Nf6 15. Qxc8+ Qd8
16. Qxb7 16... Nbd7 $16) 13... f6 $14 14. Na5 Nd7 15. Bd3 Ne7 16. Nb3 Rh6 17.
Rc1 b5 18. e4 f5 19. exd5 Bb7 (19... exd5 $142 20. O-O 20... Nf6 $14) 20. Be5
$4 (20. c4 $5 $142 20... bxc4 21. Bxc4 exd5 22. Bxd5 $18) 20... Nxe5 $11 21. d6
Nxd3+ (21... Qxd6 22. Bxb5+ axb5 23. Qxd6 $18) 22. Qxd3 Qc6 23. dxe7 Qxg2 24.
Rf1 Qe4+ (24... Qxh2 $142 25. c4 bxc4 26. Qxc4 Qh4+ 27. Rf2 27... g3 $19) 25.
Qxe4 $17 25... Bxe4 26. Nc5 Bd5 27. a4 h4 28. Kf2 (28. Ra1 bxa4 29. Rxa4 g3 30.
hxg3 h3 (30... Kxe7 $6 31. gxh4 Rxh4 32. Kd2 $11 (32. Rxa6 $2 32... Rxa6 33.
Nxa6 33... Bc4 $19) (32. Nxa6 $2 32... Bc4 $19)) 31. Rxa6 Rxa6 32. Nxa6 32...
Bg2 $19) 28... Kxe7 29. Rfe1 Kd6 30. a5 (30. Re3 $17) 30... Rh7 (30... g3+ $5
$142 31. Kg1 31... h3 $19) 31. Re3 Rc7 32. Rce1 Re8 33. Rd1 Rxc5 34. bxc5+ Kxc5
35. c3 e5 (35... Rb8 $142 36. Rc1 g3+ 37. Kg1 gxh2+ 38. Kxh2 38... Rg8 $17) 36.
Rxe5 $14 (36. fxe5 $2 36... f4 37. Red3 g3+ 38. Kg1 38... Rxe5 $19) 36... Rxe5
37. fxe5 f4 38. Rd3 $4 (38. Rd4 $142 38... Be6 39. Rxf4 $16) 38... g3+ $19 39.
hxg3 hxg3+ 40. Kg1 f3 41. Rd1 f2+ (41... Bc4 42. Kh1 $19) 42. Kf1 Bc4+ 43. Kg2
f1=Q+ 44. Rxf1 Bxf1+ 45. Kxf1 (45. Kxg3 Kd5 46. Kf4 $19) 45... Kd5 (45... Kd5
46. Kg2 Kxe5 47. Kxg3 47... Ke4 $19) 0-1

[Event "Bad Woerishofen op"]
[Site "Bad Woerishofen"]
[Date "2001.??.??"]
[Round "6"]
[White "Walke, Guenter"]
[Black "Schmidt, Volker"]
[Result "1/2-1/2"]
[WhiteElo "1747"]
[BlackElo "2000"]
[Annotator "ChessOrg"]
[PlyCount "41"]
[EventDate "1998.03.05"]
[Source "ChessBase"]
[SourceDate "1998.04.29"]

1. d4 {A45: Damenbauernspiele (Trompowski-Angriff)} 1... Nf6 2. e3 d5 3. Bd3
3... g6 {letzter Buchzug} 4. f4 c5 5. c3 cxd4 6. exd4 Bg7 7. Nf3 Bg4 8. O-O Qc8
9. Nbd2 Bf5 10. Bb5+ Nc6 11. Ne5 O-O 12. Qa4 Nd8 13. Ndf3 a6 14. Be2 b5 15. Qd1
Ne4 16. Nh4 Be6 17. Qe1 f6 18. Nd3 Nf7 19. Nf2 f5 20. Nf3 Bd7 21. Ne5 1/2-1/2